000 01406nam a22003611i 4500
001 ebr10790274
003 CaPaEBR
006 m o d
007 cr cn|||||||||
008 131122s2013 enka o 001 0 eng d
020 _a9781783289387 (e-book)
020 _z9781783289370
040 _aCaPaEBR
_beng
_erda
_epn
_cCaPaEBR
035 _a(OCoLC)868160941
050 1 4 _aLB1028.38
_b.H54 2013eb
100 1 _aHillar, Silvina P.
245 1 0 _aMoodle 2.5 multimedia cookbook /
_cSilvina P. Hillar.
250 _aSecond edition.
264 1 _aBirmingham :
_bPackt Publishing,
_c2013.
300 _a1 online resource (300 pages) :
_billustrations
336 _atext
_2rdacontent
337 _acomputer
_2rdamedia
338 _aonline resource
_2rdacarrier
500 _aIncludes index.
588 _aDescription based on online resource; title from PDF title page (ebrary, viewed November 22, 2013).
590 _aElectronic reproduction. Palo Alto, Calif. : ebrary, 2013. Available via World Wide Web. Access may be limited to ebrary affiliated libraries.
630 0 0 _aMoodle.
650 0 _aComputer-assisted instruction
_xComputer programs.
650 0 _aInstructional systems
_xDesign.
655 0 _aElectronic books.
797 2 _aebrary.
856 4 0 _uhttp://site.ebrary.com/lib/rucke/Doc?id=10790274
_zAn electronic book accessible through the World Wide Web; click to view
999 _c137440
_d137440